Statistics for Minnesota Cities Quiz-ADVANCED

Click here to take the quiz!

General Stats

  • This quiz has been taken 35 times
  • The average score is 9 of 12

Answer Stats

HintAnswer% Correct
CapitalSt. Paul
100%
Most Populous CityMinneapolis
96%
Home of a famous clinicRochester
93%
Harbor city on Lake SuperiorDuluth
89%
Southern MN City, starts with MMankato
85%
Suburb home to the Mall Of AmericaBloomington
81%
Home to Paul Bunyan and Babe the Blue Ox statuesBemidji
63%
Southeastern city that starts with WWinona
63%
Home to the SPAM MuseumAustin
59%
South on HW35 from Minneapolis, starts with OOwatonna
59%
Other major city on the MississippiSt. Cloud
59%
Shares a metro with North Dakota's largest cityMoorhead
52%

Score Distribution

Percentile by Number Answered

Percent of People with Each Score

Your Score History

You have not taken this quiz